UBT Library

Children in the Middle Ages : (Record no. 38952)

000 -LEADER
fixed length control field 01050cam a22002894a 4500
001 - CONTROL NUMBER
control field 2631614
005 - DATE AND TIME OF LATEST TRANSACTION
control field 20171214080840.0
008 - FIXED-LENGTH DATA ELEMENTS--GENERAL INFORMATION
fixed length control field 990622s1999 inu b 000 0 eng
010 ## - LIBRARY OF CONGRESS CONTROL NUMBER
LC control number 99037711
020 ## - INTERNATIONAL STANDARD BOOK NUMBER
International Standard Book Number 0268023506 (cloth : alk. paper)
020 ## - INTERNATIONAL STANDARD BOOK NUMBER
International Standard Book Number 0268023522 (pbk.)
040 ## - CATALOGING SOURCE
Original cataloging agency DLC
Transcribing agency DLC
Modifying agency DLC
041 1# - LANGUAGE CODE
Language code of text/sound track or separate title eng
042 ## - AUTHENTICATION CODE
Authentication code pcc
043 ## - GEOGRAPHIC AREA CODE
Geographic area code e------
080 ## - UNIVERSAL DECIMAL CLASSIFICATION NUMBER
Universal Decimal Classification number 305.23 DAN
082 00 - DEWEY DECIMAL CLASSIFICATION NUMBER
Classification number 305.23 DAN
Edition number 21
100 2# - Rafti
Rafti 50
101 ## - Shkurtesa
Shkurtesa SOC
240 10 - UNIFORM TITLE
Uniform title <a href="Enfants au Moyen Age.">Enfants au Moyen Age.</a>
Language of a work English
245 10 - TITLE STATEMENT
Title Children in the Middle Ages :
Statement of responsibility, etc by Danièle Alexandre-Bidon, Didier Lett ; préface de Pierre Riché ; translation by Jody Gladding.
504 ## - BIBLIOGRAPHY, ETC. NOTE
Bibliography, etc Includes bibliographical references (p. 157-158) and index.
906 ## - LOCAL DATA ELEMENT F, LDF (RLIN)
a 7
b cbc
c orignew
d 1
e ocip
f 19
g y-gencatlg
942 ## - ADDED ENTRY ELEMENTS (KOHA)
Source of classification or shelving scheme
Item type Books
Holdings
Withdrawn status Lost status Source of classification or shelving scheme Damaged status Not for loan Permanent location Current location Date acquired Total Checkouts Full call number Barcode Date last seen Price effective from Koha item type
          UBT - Lipjan UBT - Lipjan 12/14/2017   305.23 DAN 002-2939118 12/14/2017 12/14/2017 Books
UBT Library © 2015-2024. All rights reserved University Education for Business and Technology